01657 a2200229 45000010006000000050017000060080041000230030015000640400040000790800104001192450055002230200022002782500012003002640034003123000019003465050892003650410008012571000027012656500019012928560095013116500021014064045720260407155658.0260407a2015 arg spa dAR-UNSa-BCEJYS aAR-UNSa-BCEJYSbspacAR-UNSa-BCEJYS a347.736xQuiebra. Insolvencia. Suspensión de pagos. Bancarrota, procedimientos. Derecho Concursal10aLey de concursos comentadapanálisis exegético a978-987-01-1827-5 a3a. ed. 1aBuenos Aires :bErreiusc2015 a503 p.c21 cm. aTITULO I: Principios generales -- TITULO II: Concurso preventivo - 1. Requisitos - 2. Apertura - 3. Trámite hasta el acuerdo - 4. Propuesta, período de exclusividad y régimen del acuerdo preventivo - 5. Impugnación, homologación, cumplimiento y nulidad del acuerdo - 6. Concurso en caso de agrupamiento - 7. Acuerdo preventivo extrajudicial -- TITULO III: Quiebra - 1. Declaración - 2. Efectos de la quiebra - 3. Extensión de la quiebra - 4. Incautación, conservación y administración de los bienes - 5. Período informativo en la quiebra - 6. Liquidación y distribución - 7. Conclusión de la quiebra - 8. Clausura del procedimiento - 9. Inhabilitación del fallido -- TITULO IV: 1. Privilegios - 2. Funcionarios y empleados de los concursos - 3. Reglas procesales - 4. De los pequeños concursos y quiebras - 5. Disposiciones transitorias y complementarias  aspa1 aGraziabile, Darío J. aLey Nº 24.52241uhttps://biblioeco.unsa.edu.ar/pmb/images/libros/L125893.jpgyImagen de portadaqimage/jpeg a ley nº 24 522